Marvel - Fiche personnage: Scarlet Witch - Statistiques

Statistiques générales
  • Ce quiz a été pris 6 fois
  • Le résultat moyen est 17 sur 22
Statistiques - réponses
Hint Réponse % Correct
2019 Avengers : Endgame
100%
2018 Avengers : Infinity War
100%
2015 Avengers : L'Ère d'Ultron
100%
2017 Captain America : Civil War
100%
Actrice Elizabeth Olsen
100%
Avengers (3) Thanos
100%
Avengers (2) Ultron
100%
Qui a tué son frère jumeau ? Ultron
100%
Mari Vision
100%
2021 WandaVision
100%
2022 Doctor Strange in the Multiverse of Madness
80%
Jumeau Pietro Maximoff / Quicksilver
80%
Nationalité Sokovie
80%
Nom civil Wanda Maximoff
80%
Date de naissance (année) 1989
60%
WandaVision Agatha Harkness
60%
2014 (Scène post-générique) Captain America : Le Soldat de l'Hiver
60%
Captain America (3) Helmut Zemo
60%
Quel est le nom de l'interprète "recasté" de son frère dans sa série ? Evan Peters
40%
Fils Billy Maximoff
20%
Fils Tommy Maximoff
20%
Quel était le nom de la ville "parfaite" qu'elle a crée, dans sa série, après la mort de son mari ? Westview
20%
Aucun quiz correspondant
Distribution des résultats
% des personnes avec chaque résultat
Percentile par nombre de réponses
Votre historique - résultats
Vous n’avez pas pris ce quiz